书目信息 |
| 题名: |
初中学生作文评改
|
|
| 作者: | 朱德熙 著 | |
| 分册: | ||
| 出版信息: | 北京 北京出版社 1982 |
|
| 页数: | 272页 | |
| 开本: | 19cm | |
| 丛书名: | ||
| 单 册: | ||
| 中图分类: | H194.5 , G633.3 | |
| 科图分类: | ||
| 主题词: | 作文--初中--选集 | |
| 电子资源: | ||
| ISBN: | ||
| 000 | 00656nam0 2200253 45 | |
| 001 | 0182001676 | |
| 005 | 20040505105835.8 | |
| 010 | @dCNY0.62 | |
| 091 | @a9071.88 | |
| 100 | @a19950525d1982 em y0chiy0121 ea | |
| 101 | 0 | @achi |
| 102 | @aCN@b110000 | |
| 105 | @ay z 000yy | |
| 106 | @ar | |
| 200 | 10 | @a初中学生作文评改@Achu zhong xue sheng zuo wen ping gai@f朱德熙著 |
| 210 | @a北京@c北京出版社@d1982 | |
| 215 | @a272页@d19cm | |
| 606 | @a作文@x初中@x选集 | |
| 690 | @aH194.5@v3 | |
| 690 | @aG633.3 | |
| 701 | 0 | @a朱德熙@Azhu de xi@4著 |
| 801 | 0 | @aCN@b上海图书馆@c20040505 |
| 801 | 2 | @aCN@bNLC@c20040505 |
| 905 | @f1@b177615@dG633.3@e138 | |
| 初中学生作文评改/朱德熙著.-北京:北京出版社,1982 |
| 272页;19cm |
| ISBN :CNY0.62 |
| ● |
| 相关链接 |
|
|
|
|
正题名:初中学生作文评改
索取号:G633.3/138
 
预约/预借
| 序号 | 登录号 | 条形码 | 馆藏地/架位号 | 状态 | 备注 |
| 1 | 0177615 | 000238371 | 密集书库/ [索取号:G633.3/138] | 在馆 | |
| 2 | 0177617 | 000238406 | 第一样本阅览室/ [索取号:G633.3/138] | 在馆 |